000 00737nam a22002297a 4500
999 _c14738
_d14738
003 MIRAKIL
005 20220111160229.0
008 220111b tu ||||| |||| 00| 0 tur d
020 _a9786257288293
040 _aTR-AnCHP
_cTR-AnCHP
041 _atur
082 _aATA 923.1561
_bS26p 2021
100 1 _aSarıhan, Zeki
245 1 0 _aPaşa'nın rotası/
_cZeki Sarıhan, Nuri M. Çolakoğlu
260 _aİstanbul:
_bİstanbul Büyükşehir Belediyesi,
_c2021.
300 _a268 s.:
_c26 sm.
504 _aKaynakça vardır.
600 1 4 _91465
_aAtatürk, Gazi Mustafa Kemal
_cTürkiye Cumhuriyeti Kurucusu
_d1881-1938
_xYaşamöyküsü
650 0 _94
_aTürkiye
_xTarih
700 _96934
_aÇolakoğlu, Nuri M.
942 _2ddc
_cBKS